UBT Library

Be a man! : (Record no. 41233)

000 -LEADER
fixed length control field 00557cam a2200217 i 4500
001 - CONTROL NUMBER
control field 2753603
005 - DATE AND TIME OF LATEST TRANSACTION
control field 20180130035157.0
008 - FIXED-LENGTH DATA ELEMENTS--GENERAL INFORMATION
fixed length control field 790316s1979 nyu b 001 0 eng
010 ## - LIBRARY OF CONGRESS CONTROL NUMBER
LC control number 79011847
020 ## - INTERNATIONAL STANDARD BOOK NUMBER
International Standard Book Number 0841904359
040 ## - CATALOGING SOURCE
Original cataloging agency DLC
Transcribing agency DLC
Modifying agency DLC
041 ## - LANGUAGE CODE
Language code of text/sound track or separate title eng
080 ## - UNIVERSAL DECIMAL CLASSIFICATION NUMBER
Universal Decimal Classification number 301.411 pet
082 00 - DEWEY DECIMAL CLASSIFICATION NUMBER
Classification number 301.411 pet
100 1# - Rafti
Rafti 50
101 ## - Shkurtesa
Shkurtesa soc
245 10 - TITLE STATEMENT
Title Be a man! :
Statement of responsibility, etc Peter N. Stearns.
504 ## - BIBLIOGRAPHY, ETC. NOTE
Bibliography, etc Bibliography: p. 225-226.
906 ## - LOCAL DATA ELEMENT F, LDF (RLIN)
a 7
b cbc
c orignew
d 1
e ocip
f 19
g y-gencatlg
942 ## - ADDED ENTRY ELEMENTS (KOHA)
Source of classification or shelving scheme
Item type Books
Holdings
Withdrawn status Lost status Source of classification or shelving scheme Damaged status Not for loan Collection code Permanent location Current location Shelving location Date acquired Total Checkouts Full call number Barcode Date last seen Price effective from Koha item type
          Koleksioni i përgjithshem UBT - Lipjan UBT - Lipjan Koleksioni i përgjithshem 01/30/2018   301.411 pet 002-2996919 01/30/2018 01/30/2018 Books
UBT Library © 2015-2024. All rights reserved University Education for Business and Technology